1295 1894 1107 1252 1562 1475 1024 1386 1376 1965 1652 1258 1397 1535 1445 1298 1181 1266 1931 1884 1623 1179 1594 1346 1299 1991 1105 1182 1169 1620 1616 1355 1108 1085 1138 1532 1327 1409 1278 1893 1066 1529 1132 1674 1428 1917 1211 1841 1893 1358 1896 1793 1603 1144 1958 1458 1920 1195 1698 1353 1163 1169 1541 1693 1936 1464 1943 1054 1459 1425 1235 1441 1870 1206 1505 1692 1829 1041 1871 1802 1786 1638 1523 1273 1892 1399 1581 1282 1475 1017 1047 1648 1570 1244 1425 1247 1311 1939 1577 BCNSPRNW ULIB Ver.6.0+V

เปลี่ยนเป็นภาษาไทย

Change to English
 แสดงรายละเอียดบรรณานุกรม
  กลับหน้าหลัก

Brief Record : Get Marc (ISO 2709) : E-mail record : QR code < ปิดหน้าต่าง
LEADER : 00000nam a2200000Ia 4500
001    13399125526
003     ULIB
008    160727s2558 th a 000 0 tha d
020    ^a9786163202420
040    ^abrv
060 04 ^aWF553^bร721
245 00 ^aรู้เท่าทันโรคภูมิแพ้ โรคหืดและอาการผิดปกติในระบบหายใจ /^cคณะบรรณาธิการ สนพ., เรียบเรียง
260    ^aกรุงเทพฯ :^bยูโรปา เพรส,^c2558
300    ^a288 หน้า :^bภาพประกอบ ;^c21 ซม.
650  4 ^aทางเดินหายใจ^xโรค
650  4 ^aภูมิแพ้
650  4 ^aภูมิแพ้^xการป้องกันและควบคุม
650  4 ^aภูมิแพ้^xการรักษา
650  4 ^aระบบหายใจ^xโรค
650  4 ^aระบบหายใจ^xโรค^xการป้องกันและควบคุม
650  4 ^aหืด
650  4 ^aหืด^xการป้องกันและควบคุม
650  4 ^aหืด^xการรักษา
710 2  ^aคณะบรรณาธิการ สนพ.
945    ^p230^l0^i25203
995    ^aกัณชพร
999    ^aกัณชพร
รายการนี้ยังไม่มีแท็ก
คุณยังไม่ได้ล็อกอิน คุณสามารถมีกิจกรรมร่วมกับเว็บไซต์ได้ แต่ต้องล็อกอินก่อน ::
  ล็อกอิน

รายการสื่อสารสนเทศ

ลำดับที่ ประเภท เลขเรียก/บาร์โค้ด สถานที่ สถานะ
1. หนังสือสำรอง
หนังสือสำรอง
WF553 ร721 ฉ.1 
  Barcode: 25203
ห้องสมุดวิทยาเขตนครสวรรค์
►ส่วนจัดเก็บหนังสือเก่า นว.
บนชั้น
  ขอยืม

รายการใกล้เคียง
    หัวเรื่อง [ภูมิแพ้]
    หัวเรื่อง [หืด]

BibComment


ยังไม่เคยถูกคอมเมนท์

คอมเมนท์ทรัพยากรรายการนี้
  คอมเมนท์: รู้เท่าทันโรคภูม..


 Copyright 2026. Bcnsprnw @Library